| 000 | 00705cam a22002294a 4500 | ||
|---|---|---|---|
| 001 | 14502901 | ||
| 005 | 20180817035552.0 | ||
| 008 | 060817s2007 njua b 001 0 eng | ||
| 010 | _a 2006280829 | ||
| 020 | _a0131736884 | ||
| 040 |
_aDLC _cDLC |
||
| 041 | _aeng | ||
| 080 |
_23rd _a101 |
||
| 082 | _a101 | ||
| 100 | 1 | _aWillingham, Daniel T. | |
| 101 | _a24 | ||
| 245 | 1 | 0 |
_aCognition : _cDaniel T. Willingham. |
| 504 | _aIncludes bibliographical references (p. 523-558) and indexes. | ||
| 906 |
_a7 _bcbc _corigcop _d2 _encip _f20 _gy-gencatlg |
||
| 942 |
_2ddc _cBK |
||
| 999 |
_c47196 _d47196 |
||